000 00424nam a2200181Ia 4500
008 090630s9999 xx 000 0 und d
082 _b28815
100 _aDave Pelzer.
245 _aThe Lost Boy.
_cDave Pelzer.
260 _bOrion Media.
_c2000
300 _a340
600 _aDave Pelzer.
630 _aThe Lost Boy.
655 _aEnglish.
700 _aDave Pelzer.
730 _aThe Lost Boy.
942 _cBOOK
999 _c280671
_d280671